| 000 | 00000nas 2200000za 4500 |
| 001 | 9.504338 |
| 003 | CaOODSP |
| 005 | 20221107133407 |
| 007 | cr ||||||||||| |
| 008 | 150406d20132018oncwr p o f0 b0fre|d |
| 022 | |a2368-285X |
| 040 | |aCaOODSP|bfre |
| 043 | |an-cn--- |
| 086 | 1 |aHP38-2F-PDF |
| 245 | 00|aVirus du Nil occidental et autre maladie transmise par les moustiques - rapport national de surveillance |h[ressource électronique]. |
| 246 | 13|aRapport sur le virus du Nil occidental et d’autres maladies transmises par les moustiques|f2018 |
| 246 | 37|aVirus du Nil occidental et autres maladies transmises par les moustiques |
| 260 | |a[Ottawa] : |bAgence de santé publique du Canada, |c2013-2018. |
| 310 | |aHebdomadaire |
| 362 | 1 |aParaît depuis : 10-23 novembre 2013 (semaines 46 et 47); ne paraît plus après : 4-10 novembre (semaine 45). |
| 500 | |aPubli. aussi en anglais sous le titre : West Nile virus and other mosquito-borne disease national surveillance report. |
| 500 | |aTitre de départ. |
| 692 | 07|2gccst|aMaladie infectieuse |
| 710 | 2 |aAgence de santé publique du Canada. |
| 775 | 08|tWest Nile virus and other mosquito-borne disease national surveillance report |w(CaOODSP)9.507961 |
| 780 | 00|tRapport national de surveillance du virus du Nil occidental |w(CaOODSP)9.805185 |
| 785 | 00|tRapport de surveillance des maladies transmises par les moustiques. |w(CaOODSP)9.877952 |